<?xml version="1.0" encoding="UTF-8"?><?xml-stylesheet type="text/xsl" href="static/style.xsl"?><OAI-PMH xmlns="http://www.openarchives.org/OAI/2.0/" xmlns:xsi="http://www.w3.org/2001/XMLSchema-instance" xsi:schemaLocation="http://www.openarchives.org/OAI/2.0/ http://www.openarchives.org/OAI/2.0/OAI-PMH.xsd"><responseDate>2026-04-17T20:40:46Z</responseDate><request verb="GetRecord" identifier="oai:www.recercat.cat:2445/221388" metadataPrefix="marc">https://recercat.cat/oai/request</request><GetRecord><record><header><identifier>oai:recercat.cat:2445/221388</identifier><datestamp>2025-11-21T05:27:09Z</datestamp><setSpec>com_2072_1057</setSpec><setSpec>col_2072_478904</setSpec><setSpec>col_2072_478917</setSpec></header><metadata><record xmlns="http://www.loc.gov/MARC21/slim" xmlns:dcterms="http://purl.org/dc/terms/" xmlns:xsi="http://www.w3.org/2001/XMLSchema-instance" xmlns:doc="http://www.lyncode.com/xoai" xsi:schemaLocation="http://www.loc.gov/MARC21/slim http://www.loc.gov/standards/marcxml/schema/MARC21slim.xsd">
   <leader>00925njm 22002777a 4500</leader>
   <datafield ind2=" " ind1=" " tag="042">
      <subfield code="a">dc</subfield>
   </datafield>
   <datafield ind2=" " ind1=" " tag="720">
      <subfield code="a">Palau, Carles G.</subfield>
      <subfield code="e">author</subfield>
   </datafield>
   <datafield ind2=" " ind1=" " tag="720">
      <subfield code="a">Miralda Escudé, Jordi</subfield>
      <subfield code="e">author</subfield>
   </datafield>
   <datafield ind2=" " ind1=" " tag="260">
      <subfield code="c">2025-06-04T18:31:47Z</subfield>
   </datafield>
   <datafield ind2=" " ind1=" " tag="260">
      <subfield code="c">2025-06-04T18:31:47Z</subfield>
   </datafield>
   <datafield ind2=" " ind1=" " tag="260">
      <subfield code="c">2023</subfield>
   </datafield>
   <datafield ind2=" " ind1=" " tag="260">
      <subfield code="c">2025-06-04T18:31:48Z</subfield>
   </datafield>
   <datafield ind2=" " ind1=" " tag="520">
      <subfield code="a">We explore constraints on the Milky Way dark matter halo oblateness using three stellarstreamsfrom globular clusters NGC3201, M68, and Palomar 5. Previous constraints on the gravitational potential from dynamical equilibrium of stellar populations and distant Milky Way satellites are included. We model the dark halo as axisymmetric with axis ratio qh ρ and four additional free parameters of a two power-law density profile. The halo axis ratio, while barely constrained by the NGC3201 stream alone, is required to be close to spherical by the streams of Palomar 5 (qh ρ = 1.01 ± 0.09) and M68 (qh ρ = 1.14+0.21 −0.14), the latter allowing a more prolate shape. The three streams together are well fitted with a halo axis ratio qh ρ = 1.06 ± 0.06 and core radius ∼20 kpc. Our estimate of the halo shape agrees with previous studies using other observational data and is in tension with cosmological simulations, predicting that most spiral galaxies have oblate dark matter haloes with the short axis perpendicular to the disc. We discuss why the impact of the Magellanic Clouds tide is too small to change our conclusion on the halo axis ratio. We note that dynamical equilibrium of a spherical halo in the oblate disc potential implies an anisotropic dark matter velocity dispersion, larger along the vertical direction than the horizontal ones, which should relate to the assembly history of the Milky Way.</subfield>
   </datafield>
   <datafield tag="653" ind2=" " ind1=" ">
      <subfield code="a">Matèria fosca (Astronomia)</subfield>
   </datafield>
   <datafield tag="653" ind2=" " ind1=" ">
      <subfield code="a">Cinemàtica galàctica</subfield>
   </datafield>
   <datafield tag="653" ind2=" " ind1=" ">
      <subfield code="a">Estructura galàctica</subfield>
   </datafield>
   <datafield tag="653" ind2=" " ind1=" ">
      <subfield code="a">Dark matter (Astronomy)</subfield>
   </datafield>
   <datafield tag="653" ind2=" " ind1=" ">
      <subfield code="a">Galactic kinematics</subfield>
   </datafield>
   <datafield tag="653" ind2=" " ind1=" ">
      <subfield code="a">Galactic structure</subfield>
   </datafield>
   <datafield ind2="0" ind1="0" tag="245">
      <subfield code="a">The oblateness of the Milky Way dark matter halo from the stellar streams of NGC 3201, M68, and Palomar 5</subfield>
   </datafield>
</record></metadata></record></GetRecord></OAI-PMH>